000
00189 a2200097 4500
001
9292
100
_a
Muir, R.
245
_a
British history
260
_a
_b
Philip
_c
090
_c
7461
_d
7461
942
_a
NUST-CAE
_c
M
_c
34113
999
_c
244365
_d
244365